Odborná nauka pro obory kovodělné : mechanika ... : učebnice na učňovských školách kovodělných s českým jazykem vyučovacím /

Hlavní autor: Mácha, František, 1881-1962
Další autoři: Brotánek, Zdeněk, Janyš, Bohumil, 1907-1983
Jazyk: Čeština
Vydáno: Praha : Ústav pro učebné pomůcky průmyslových a odborných škol, 1947
Vydání: Dotisk 2. vydání
Fyzický popis: 81 s. : il.
Knihy
Uloženo v:
LEADER 01049nam a22002532a 4500
001 001869031
003 CZ BrMZK
005 20230823110424.0
007 ta
008 230823s1947 xr a er|||||||||||cze d
015 |a cnb000711959 
035 |a (OCoLC)85430475 
040 |a ABA001  |b cze  |c PNA001  |d ABA001  |d BOA001 
100 1 |a Mácha, František,  |d 1881-1962  |7 jk01072907  |4 aut  |4 ill 
245 1 0 |a Odborná nauka pro obory kovodělné :  |b mechanika ... : učebnice na učňovských školách kovodělných s českým jazykem vyučovacím /  |c F. Mácha, B. Janyš, Z. Brotánek ; [ilustr. autoři] 
250 |a Dotisk 2. vydání 
260 |a Praha :  |b Ústav pro učebné pomůcky průmyslových a odborných škol,  |c 1947  |e (v Liberci :  |f Cíl) 
300 |a 81 s. :  |b il. 
700 1 |a Brotánek, Zdeněk  |7 jk01013174  |4 aut  |4 ill 
700 1 |a Janyš, Bohumil,  |d 1907-1983  |7 jk01051189  |4 aut  |4 ill 
910 |a BOA001  |b 2-0211.927 
990 |a BK 
991 |b 202308 
996 6 |b 2618762073  |c 2-0211.927  |l MZK  |r Sklad / do 24 hodin  |n 0  |w 001936204  |u 000010  |a 1  |e BOA001  |j MZK50  |s P